| 000 | 00559nam a22001817a 4500 | ||
|---|---|---|---|
| 003 | BD-DhUL | ||
| 005 | 20170418122423.0 | ||
| 008 | 170418s1978 nyu||||| |||| 00| 0 eng | ||
| 040 |
_aBD-DhUL _cBD-DhUL _dBD-DhUL |
||
| 082 |
_a361.5 _bUNP |
||
| 110 | 2 | _aUnited Nations | |
| 245 |
_aProceedings of the regional seminar on community preparedness and disaser prevention / _cUnited Nations |
||
| 260 |
_aNew York : _bUnited Nations, _c1978. |
||
| 300 |
_a105 p. : _c26 cm. |
||
| 500 | _ainclude index and bibliography | ||
| 650 | 0 | _2Disaster | |
| 942 |
_2ddc _cREF |
||
| 999 |
_c184771 _d184771 |
||